Evropské služby zaměstnanosti

Trendy v oblasti služieb v zamestnanosti. Verejné služby zamestnanosti v krajinách Európskej únie. Systém EURES (European employment services) slúži k sprostredkovaniu vhodného zamestnania. EURES má za cieľ uľahčovať voľný pohyb pracovníkov medzi 17 krajinai európskeho ekonomického priestoru a Švajč...

Descrizione completa

Salvato in:
Dettagli Bibliografici
Autore principale: Hájek, Petr
Natura: Capitolo di libro
Lingua:ceco
Soggetti:
Tags: Aggiungi Tag
Nessun Tag, puoi essere il primo ad aggiungerne!!

MARC

LEADER 00000naa$a2200000$$$4500
001 0006558
005 20231004104222.5
041 0 |a cze 
044 |a CZ 
245 1 0 |a Evropské služby zaměstnanosti  |c Petr Hájek 
520 |a Trendy v oblasti služieb v zamestnanosti. Verejné služby zamestnanosti v krajinách Európskej únie. Systém EURES (European employment services) slúži k sprostredkovaniu vhodného zamestnania. EURES má za cieľ uľahčovať voľný pohyb pracovníkov medzi 17 krajinai európskeho ekonomického priestoru a Švajčiarskom. Systém EURES je dostupný na stránkach Európskej únie na adrese http://www.europa.eu.int/eures. 
610 2 0 |a politika zamestnanosti 
610 2 0 |a trh práce 
610 2 0 |a služby verejné 
610 2 0 |a sprostredkovanie práce 
610 2 0 |a Európska únia 
610 2 0 |a systémy informačné 
100 1 |a Hájek, Petr